00814nam a2200241Ia 450000500170000000800410001702000180005804000180007604100080009408200210010210000200012324501020014325000120024526000680025730000320032565000200035765000230037765000170040065000360041765000400045365000360049365000430052920241205113808.0210716s2009 xx 000 0 und d a9780070635265 cAIMIT LIBRARY aeng a005.74 23bPOSG aPost, Gerald V. aDatabase management systems :bdesigning and building business applications /cBy Gerald V. Post. a3rd ed. aNew Delhi :bTata McGraw Hill Publishing Company Ltd. ,c2009 . axxii, 424p. ;bPBc25.5 cm. aDatabase design aData normalization aData queries aAdvanced queries and subqueries aDatabase integrity and transactions aData warehouses and data mining aDistributed databases and the internet